[Event "Barcelona City op-B 24th"]
[Site "Barcelona"]
[Date "2019.10.01"]
[Round "5.2"]
[White "Rodriguez Vega, Blas"]
[Black "Prats Rodriguez, Juan Bosco"]
[Result "0-1"]
[WhiteElo "1913"]
[BlackElo "1936"]
[PlyCount "76"]
[EventDate "2019.09.27"]
[EventType "swiss"]
[EventRounds "9"]
[EventCountry "ESP"]
[SourceTitle "EXT 2024"]
[Source "ChessBase"]
[SourceDate "2023.10.10"]
[SourceVersion "1"]
[SourceVersionDate "2023.10.10"]
[SourceQuality "1"]

1. d4 d5 2. Bf4 Nf6 3. e3 c5 4. c3 cxd4 5. exd4 Nc6 6. Nd2 a6 7. Bd3 Bg4 8. Ngf3 e6 9. h3 Bh5 10. Qb3 Bd6 11. Bxd6 Qxd6 12. Qxb7 0-0 13. Qb3 e5 14. dxe5 Nxe5 15. Be2 Nxf3+ 16. Bxf3 Rfe8+ 17. Kf1 Rab8 18. Qc2 Bg6 19. Qd1 Bd3+ 20. Kg1 Rxb2 21. g3 Qb6 22. Kg2 Ne4 23. Bxe4 dxe4 24. Re1 Qc6 25. Re3 h6 26. c4 Qf6 27. Rc1 Rxa2 28. Qe1 Qc6 29. c5 Rd8 30. Nb3 Qa4 31. Rc3 Bc4 32. c6 Qxc6 33. Qc1 Qf6 34. Rc2 Rxc2 35. Qxc2 Bd3 36. Qc1 Rb8 37. Nc5 Rc8 38. Qa3 Qd6 0-1

[Event "Barcelona Sant Marti op-B 21st"]
[Site "Barcelona"]
[Date "2019.07.18"]
[Round "6"]
[White "Rodriguez Vega, Blas"]
[Black "Mercader Rubio, Luis"]
[Result "1-0"]
[WhiteElo "1935"]
[BlackElo "1669"]
[PlyCount "83"]
[EventDate "2019.07.13"]
[EventType "swiss"]
[EventRounds "9"]
[EventCountry "ESP"]
[SourceTitle "EXT 2020"]
[Source "ChessBase"]
[SourceDate "2019.10.17"]
[SourceVersion "1"]
[SourceVersionDate "2019.10.17"]
[SourceQuality "1"]

1. e4 c5 2. Nf3 e6 3. d3 a6 4. g3 Nc6 5. Bg2 b5 6. 0-0 Bb7 7. Re1 Qc7 8. a3 Be7 9. Nbd2 h5 10. h4 Nf6 11. Nf1 Ng4 12. Bf4 e5 13. Bd2 0-0-0 14. Ne3 Nxe3 15. Bxe3 f6 16. c3 Rdg8 17. Qd2 Qd8 18. d4 exd4 19. cxd4 cxd4 20. Nxd4 g5 21. Nf5 gxh4 22. Nxh4 f5 23. Nxf5 h4 24. gxh4 Bxh4 25. Bf4 Be7 26. Rac1 Rg6 27. Re3 Rhg8 28. Rg3 Rxg3 29. Bxg3 Rg6 30. Qd4 Qf8 31. Qe5 Kd8 32. Qc7+ Ke8 33. Qxb7 Qf6 34. Rd1 Qe6 35. Nxe7 Qxe7 36. Qc7 a5 37. Rd5 b4 38. axb4 Nxb4 39. Rxa5 Nd3 40. Ra8+ Kf7 41. Qc4+ Kg7 42. Rg8+ 1-0

[Event "Barcelona Sant Marti op-A 20th"]
[Site "Barcelona"]
[Date "2018.07.13"]
[Round "1"]
[White "Alarcon Casellas, Rolando"]
[Black "Rodriguez Vega, Blas"]
[Result "1-0"]
[WhiteElo "2389"]
[BlackElo "1992"]
[PlyCount "53"]
[EventDate "2018.07.13"]
[EventType "swiss"]
[EventRounds "9"]
[EventCountry "ESP"]
[SourceTitle "CBM 185 Extra"]
[Source "ChessBase"]
[SourceDate "2018.07.29"]
[SourceVersion "1"]
[SourceVersionDate "2018.07.29"]
[SourceQuality "1"]

1. Nf3 Nf6 2. d4 g6 3. Bf4 Bg7 4. e3 0-0 5. h3 d6 6. Be2 Re8 7. 0-0 c5 8. c3 Nc6 9. Bh2 Qb6 10. Na3 Bf5 11. Nc4 Qd8 12. a4 Rc8 13. dxc5 dxc5 14. Qb3 Na5 15. Nxa5 Qxa5 16. Bc4 e6 17. Qxb7 Be4 18. Qb5 Qb6 19. Rfd1 Bc6 20. Qxb6 axb6 21. Ne5 Bd5 22. Bb5 Red8 23. Nc4 Bxc4 24. Bxc4 Nd7 25. Ba6 Ra8 26. Bc7 Rf8 27. Bb5 1-0

[Event "Barcelona Sant Marti op-A 19th"]
[Site "Barcelona"]
[Date "2017.07.21"]
[Round "9.45"]
[White "Rodriguez Vega, Blas"]
[Black "Degraeve, Remy"]
[Result "0-1"]
[WhiteElo "2048"]
[BlackElo "2164"]
[PlyCount "88"]
[EventDate "2017.07.13"]
[EventType "swiss"]
[EventRounds "9"]
[EventCountry "ESP"]
[SourceTitle "EXT 2018"]
[Source "ChessBase"]
[SourceDate "2017.10.13"]
[SourceVersion "1"]
[SourceVersionDate "2017.10.13"]
[SourceQuality "1"]

1. d4 d6 2. Nf3 g6 3. Bf4 Bg7 4. e3 Nd7 5. h3 e5 6. Bh2 f5 7. Bc4 Nh6 8. Nc3 c6 9. dxe5 dxe5 10. Qd6 e4 11. Nd4 Nb6 12. Qxd8+ Kxd8 13. Ne6+ Ke7 14. Nxg7 Nxc4 15. b3 Nb6 16. Be5 Rg8 17. g4 Nd7 18. Bd4 c5 19. Nd5+ Kd6 20. Nf6 Nxf6 21. Bxf6 fxg4 22. Rd1+ Kc6 23. h4 g3 24. fxg3 Bg4 25. Rd2 Raf8 26. Bg5 Nf7 27. Bf6 h5 28. 0-0 Bf3 29. Ne6 Re8 30. Ng5 Nxg5 31. Bxg5 Rg7 32. Bf4 Ree7 33. Rff2 Kb5 34. a3 Rd7 35. Kf1 c4 36. a4+ Kc5 37. Ke1 c3 38. Rd4 Rxd4 39. exd4+ Kxd4 40. Bg5 Kc5 41. Rf1 Kb4 42. Kf2 Rd7 43. Bc1 Rd1 44. Re1 Rd2+ 0-1

[Event "Barcelona Sant Marti op-A 19th"]
[Site "Barcelona"]
[Date "2017.07.16"]
[Round "4"]
[White "Tateo, Ida"]
[Black "Rodriguez Vega, Blas"]
[Result "0-1"]
[WhiteElo "1238"]
[BlackElo "2048"]
[PlyCount "66"]
[EventDate "2017.07.13"]
[EventType "swiss"]
[EventRounds "9"]
[EventCountry "ESP"]
[SourceTitle "EXT 2018"]
[Source "ChessBase"]
[SourceDate "2017.10.13"]
[SourceVersion "1"]
[SourceVersionDate "2017.10.13"]
[SourceQuality "1"]

1. e4 d5 2. exd5 Qxd5 3. Nc3 Qa5 4. d4 e5 5. dxe5 Bb4 6. Bd2 Nc6 7. a3 Nd4 8. Nge2 Bg4 9. h3 Bxe2 10. Bxe2 0-0-0 11. 0-0 Be7 12. Bd3 Qxe5 13. Re1 Qd6 14. Qg4+ f5 15. Qxg7 Bf6 16. Qf7 Ne7 17. Qc4 Rhg8 18. Kh1 Nec6 19. Rab1 Ne5 20. Qa4 Nxd3 21. cxd3 Nc6 22. Re3 Bg5 23. Nb5 Qd5 24. Rg1 Bxe3 25. Bxe3 a6 26. Na7+ Nxa7 27. Bxa7 Rg6 28. Qc2 b6 29. f3 Kb7 30. Rc1 Rc6 31. Qd2 Qxd3 32. Qf4 Rxc1+ 33. Qxc1 Qd1+ 0-1

[Event "Fincas Mediterranea 2nd"]
[Site "Castelldefels"]
[Date "2005.08.19"]
[Round "3"]
[White "Rodriguez Vega, Blas"]
[Black "Hamdouchi, Hicham"]
[Result "0-1"]
[WhiteElo "2166"]
[BlackElo "2567"]
[PlyCount "84"]
[EventDate "2005.08.17"]
[EventType "swiss"]
[EventRounds "9"]
[EventCountry "ESP"]
[SourceTitle "CBM 107 Extra"]
[Source "ChessBase"]
[SourceDate "2005.09.01"]
[SourceVersion "1"]
[SourceVersionDate "2005.09.01"]
[SourceQuality "1"]

1. e4 c5 2. Nf3 Nc6 3. d4 cxd4 4. Nxd4 Qb6 5. Nb3 Nf6 6. Nc3 e6 7. Be3 Qc7 8. Bd3 a6 9. 0-0 b5 10. a3 Bb7 11. f4 d6 12. Qe2 Be7 13. Rad1 0-0 14. g4 b4 15. axb4 Nxb4 16. g5 Nd7 17. Rf3 Rfe8 18. Rh3 g6 19. Qf2 Nxd3 20. Rxd3 h5 21. gxh6 Kh7 22. Nd2 Rg8 23. Nf3 f6 24. Rg3 Raf8 25. Qd2 Rd8 26. Qf2 Qa5 27. Qe1 Qb4 28. b3 Rc8 29. Qd2 Bxe4 30. Nxe4 Qxe4 31. Bd4 Qf5 32. Nh4 Qh5 33. Ng2 Nc5 34. Bxc5 Qxc5+ 35. Ne3 f5 36. Kf1 g5 37. Rf3 gxf4 38. Rxf4 Qc6 39. Rf2 Qh1+ 40. Ke2 d5 41. Qd1 Rg1 42. Nf1 Qe4+ 0-1